Every Battle Pass Collab in Fortnite - Statistics

General Stats
  • This quiz has been taken 20 times
    12 since last reset
  • The average score is 20 of 37
Answer Stats
Hint Answer % Correct
CH2S3 DC
89%
CH2S7 DC
89%
CH6S3 DC
89%
CH2S2 Marvel
89%
CH2S4 Marvel
89%
CH2S8 Marvel
89%
CH3S1 Marvel
89%
CH3S2 Marvel
89%
CH3S4 Marvel
89%
CH5S3 Marvel
89%
CH5S4 Marvel
89%
CH2S5 Star Wars
78%
CH3S3 Star Wars
78%
CH4S4 Star Wars
78%
CH6MS1 Star Wars
78%
CH4S1 Doom
56%
CH5S1 Family Guy
56%
CH7S2 Looney Tunes
56%
CH6MS2 The Simpsons
56%
CH4S3 Transformers
56%
CH5S3 Fallout
44%
CH6S1 Godzilla
44%
CH3S3 Indiana Jones
44%
CH4S2 Attack on Titan
33%
CH6S4 Halo
33%
CH7S1 Kill Bill
33%
CH6S4 Power Rangers
33%
CH4S1 The Witcher
33%
CH6S1 Big Hero 6
22%
CH5S1 Metal Gear
22%
CH2S7 Rick and Morty
22%
CH2S6 Tomb Raider
22%
CH7S1 Back To The Future
11%
CH4S4 Khaby Lame
11%
CH6S2 Mortal Kombat
11%
CH2S6 Neymar Jr.
11%
CH5S2 The Legend of Korra
11%
No matching quizzes found
Score Distribution
Percent of People with Each Score
Percentile by Number Answered
Your Score History
You have not taken this quiz since the last reset